|
|
|
|
| LEADER |
00981nam a2200253 a 4500 |
| 001 |
1355246 |
| 008 |
090601r19811968nju 001 0 eng d |
| 010 |
|
|
|a 80025494
|
| 020 |
|
|
|a 0138631263
|
| 020 |
|
|
|a 0138631182 (pbk.)
|
| 040 |
|
|
|a DLC
|c DLC
|d DLC
|
| 082 |
0 |
0 |
|a 658/.022
|2 19
|
| 100 |
1 |
|
|a Krentzman, Harvey C.
|
| 245 |
1 |
0 |
|a Successful management strategies for small business /
|c Harvey C. Krentzman.
|
| 260 |
|
|
|a Englewood Cliffs, N.J. :
|b Prentice-Hall,
|c c1981.
|
| 300 |
|
|
|a viii, 197 p. ;
|c 24 cm.
|
| 490 |
0 |
|
|a A Spectrum book
|
| 500 |
|
|
|a Published in 1968 under title: Managing for profits.
|
| 504 |
|
|
|a Includes index.
|
| 541 |
1 |
|
|e 00001597
|
| 650 |
|
0 |
|a Small business
|x Management.
|
| 852 |
4 |
|
|a Ayesha Abed Library
|j General Shelf.
|
| 999 |
|
|
|c 1229
|d 1229
|
| 952 |
|
|
|0 0
|1 0
|2 ddc
|4 0
|6 658_022000000000000_KRE
|7 0
|9 1116
|a BRACUL
|b BRACUL
|c GEN
|d 2009-06-25
|g 0.00
|l 1
|m 3
|o 658.022 KRE
|p 3010001597
|r 2013-08-04
|s 2013-07-12
|t 1
|w 2009-06-25
|y BK
|x No price found in the accession register.
|